[Event "Titled Tuesday 26th Jan"]
[Site "chess.com INT"]
[Date "2021.01.26"]
[Round "10"]
[White "Korchmar, V.."]
[Black "Greet, A.."]
[Result "0-1"]
[WhiteElo "2451"]
[BlackElo "2417"]
[PlyCount "62"]
[EventDate "2021.01.26"]

1. e4 e5 2. Nf3 d5 3. d4 dxe4 4. Nxe5 Bd6 5. Nc3 Bxe5 6. dxe5 Qxd1+ 7. Kxd1 Nc6
8. Nxe4 Bf5 9. Ng3 O-O-O+ 10. Bd2 Bg6 11. f4 Nge7 12. Bc4 h5 13. h4 Rd4 14. Bd3
Bxd3 15. cxd3 Rxd3 16. Ne4 Rhd8 17. Ke2 R3d4 18. Ke3 Nf5+ 19. Kf3 Rxd2 20. Nxd2
Rxd2 21. g4 Ncd4+ 22. Ke4 hxg4 23. h5 c6 24. b3 Ng3+ 25. Ke3 Nxh1 26. Kxd2 Nf3+
27. Ke3 Ng3 28. b4 Nxh5 29. b5 Nh4 30. bxc6 bxc6 31. Rc1 Kc7 0-1

[Event "Titled Tuesday 26th Jan"]
[Site "chess.com INT"]
[Date "2021.01.26"]
[Round "8"]
[White "Grineva, Marianna"]
[Black "Greet, A."]
[Result "0-1"]
[WhiteElo "1997"]
[BlackElo "2417"]
[PlyCount "90"]
[EventDate "2021.01.26"]
[SourceTitle "The Week in Chess 1369"]
[Source "Mark Crowther"]
[SourceDate "2021.02.01"]
[SourceVersion "1"]
[SourceVersionDate "2021.02.01"]
[SourceQuality "2"]

1. e4 e5 2. Nf3 d5 3. d4 dxe4 4. Nxe5 Bd6 5. Bc4 Bxe5 6. dxe5 Qxd1+ 7. Kxd1 Nc6
8. Bf4 Nge7 9. e6 Bxe6 10. Bxe6 fxe6 11. Bxc7 e5 12. Nc3 Kd7 13. Bxe5 Nxe5 14.
Nxe4 Kc6 15. Ke2 Rhe8 16. f3 Nc4 17. b3 Nd6 18. Nxd6 Kxd6 19. Kf2 Kc5 20. c4
Nc6 21. Rhd1 Rad8 22. a3 a5 23. h4 Nd4 24. Rd3 Nc2 25. Rad1 Rxd3 26. Rxd3 Nxa3
27. Rd7 b6 28. Rxg7 Kb4 29. Rxh7 Kxb3 30. Rh6 Nxc4 31. Rc6 a4 32. h5 a3 33. Rc7
a2 34. Ra7 Na5 35. Ra6 a1=Q 36. Rxb6+ Kc4 37. Rg6 Qd4+ 38. Kg3 Qe5+ 39. Kg4 Qh2
40. g3 Rh8 41. Rg5 Nc6 42. f4 Nd4 43. f5 Qe2+ 44. Kf4 Kd3 45. h6 Qe4# 0-1

[Event "Titled Tuesday 26th Jan"]
[Site "chess.com INT"]
[Date "2021.01.26"]
[Round "7"]
[White "Lagno, Kateryna"]
[Black "Greet, A."]
[Result "1-0"]
[WhiteElo "2546"]
[BlackElo "2417"]
[PlyCount "61"]
[EventDate "2021.01.26"]
[SourceTitle "The Week in Chess 1369"]
[Source "Mark Crowther"]
[SourceDate "2021.02.01"]
[SourceVersion "1"]
[SourceVersionDate "2021.02.01"]
[SourceQuality "2"]

1. e4 e5 2. Nf3 d5 3. Nxe5 Bd6 4. d4 dxe4 5. Nc3 Bxe5 6. dxe5 Qxd1+ 7. Nxd1 Nc6
8. Nc3 Bf5 9. Bb5 Nge7 10. Bf4 O-O-O 11. O-O Nd4 12. Bg5 Nxb5 13. Nxb5 Rhe8 14.
Nxa7+ Kb8 15. Nb5 Rd5 16. a4 Ng6 17. Rad1 Rdxe5 18. Bd8 Rc5 19. c3 Nf4 20. Rfe1
Ne6 21. Bh4 g5 22. Bg3 Nf4 23. h4 h6 24. Rd4 Bg6 25. Rd7 f5 26. Rg7 Rc6 27. Kf1
Nd3 28. Bxc7+ Rxc7 29. Nxc7 Nxe1 30. Nxe8 Bxe8 31. Rg8 1-0

[Event "Titled Tuesday 26th Jan"]
[Site "chess.com INT"]
[Date "2021.01.26"]
[Round "7"]
[White "Gazik, Viktor"]
[Black "Gadimbayli, Abdulla"]
[Result "0-1"]
[WhiteElo "2542"]
[BlackElo "2470"]
[PlyCount "98"]
[EventDate "2021.01.26"]
[SourceTitle "The Week in Chess 1369"]
[Source "Mark Crowther"]
[SourceDate "2021.02.01"]
[SourceVersion "1"]
[SourceVersionDate "2021.02.01"]
[SourceQuality "2"]

1. e4 e5 2. Nf3 d5 3. Nxe5 Bd6 4. d4 dxe4 5. Nc3 Bxe5 6. dxe5 Qxd1+ 7. Nxd1 Nc6
8. Bf4 Nge7 9. Nc3 Ng6 10. Bg3 Bd7 11. O-O-O Ncxe5 12. Nxe4 O-O-O 13. Be2 Bc6
14. f3 Bxe4 15. fxe4 Rxd1+ 16. Rxd1 f6 17. b3 c6 18. Kd2 h5 19. h4 Ng4 20. Kc3
N6e5 21. Rd2 Re8 22. a4 g6 23. Bf4 Nd7 24. g3 Nf2 25. Bd3 Nxe4+ 26. Bxe4 Rxe4
27. a5 Nc5 28. Kb2 Ne6 29. Bd6 Rd4 30. Rxd4 Nxd4 31. c4 Nf5 32. Bf4 g5 33. hxg5
fxg5 34. Bxg5 Nxg3 35. Kc2 Kd7 36. Kd3 Ke6 37. b4 Kf5 38. Bd8 Ne4 39. b5 Nc5+
40. Kc3 Ne6 41. Be7 a6 42. Kd3 cxb5 43. cxb5 axb5 44. Kc3 Nc7 45. Bd8 Na6 46.
Kd4 Kg4 47. Ke3 h4 48. Be7 Kg3 49. Bd6+ Kg2 0-1

[Event "Titled Tuesday 26th Jan"]
[Site "chess.com INT"]
[Date "2021.01.26"]
[Round "4"]
[White "Mazur, Ste"]
[Black "Gadimbayli, Abdulla"]
[Result "0-1"]
[WhiteElo "2416"]
[BlackElo "2470"]
[PlyCount "106"]
[EventDate "2021.01.26"]
[SourceTitle "The Week in Chess 1369"]
[Source "Mark Crowther"]
[SourceDate "2021.02.01"]
[SourceVersion "1"]
[SourceVersionDate "2021.02.01"]
[SourceQuality "2"]

1. e4 e5 2. Nf3 d5 3. exd5 e4 4. Ne5 Qxd5 5. d4 exd3 6. Nxd3 Nf6 7. Nc3 Qf5 8.
Nf4 Bd6 9. Bd3 Qg5 10. Qf3 O-O 11. O-O Nc6 12. Ng6 Ne5 13. Qe2 Bg4 14. f3 Qh5
15. Nf4 Qh4 16. fxg4 Nexg4 17. g3 Bc5+ 18. Kh1 Qg5 19. Ne6 Qh5 20. Nxf8 Re8 21.
Qg2 Rxf8 22. Bd2 Bd6 23. Rae1 Ne5 24. Rf5 Qg4 25. Rfxe5 Bxe5 26. Rxe5 h6 27.
Qe2 Qd7 28. Rf5 c6 29. Qf3 Re8 30. Be3 Nh7 31. Ne4 Qe6 32. Bd4 b6 33. Re5 Qd7
34. Rxe8+ Qxe8 35. Qf5 Nf8 36. Bc3 c5 37. Nd6 Qc6+ 38. Ne4 Ne6 39. Qe5 c4 40.
Be2 f6 41. Qf5 Kf8 42. Bf3 Qd7 43. Kg2 Qe7 44. Qd5 Nc7 45. Qd6 Qxd6 46. Nxd6
Ne6 47. Nxc4 b5 48. Nd2 a6 49. Bb4+ Ke8 50. Bc6+ Kd8 51. Ba5+ Kc8 52. Bd5 Nd4
53. c3 Nc2 0-1

[Event "Titled Tuesday 26th Jan"]
[Site "chess.com INT"]
[Date "2021.01.26"]
[Round "2"]
[White "Golubev, M."]
[Black "Mikhailovsky, Vladimir"]
[Result "0-1"]
[WhiteElo "2461"]
[BlackElo "2228"]
[PlyCount "30"]
[EventDate "2021.01.26"]
[SourceTitle "The Week in Chess 1369"]
[Source "Mark Crowther"]
[SourceDate "2021.02.01"]
[SourceVersion "1"]
[SourceVersionDate "2021.02.01"]
[SourceQuality "2"]

1. e4 e5 2. Nf3 d5 3. exd5 e4 4. Qe2 Nf6 5. Nc3 Be7 6. Ng5 O-O 7. g3 Nxd5 8.
Qxe4 Nf6 9. Qd3 Bd6 10. Be2 h6 11. Nge4 Bf5 12. Nxf6+ Qxf6 13. Qf3 Nc6 14. Nd5
Qe5 15. c3 Be4 0-1

[Event "Titled Tuesday 26th Jan"]
[Site "chess.com INT"]
[Date "2021.01.26"]
[Round "1"]
[White "Orozbaev, Eldiar"]
[Black "Christensen, Thom2"]
[Result "1-0"]
[WhiteElo "1973"]
[BlackElo "2154"]
[PlyCount "93"]
[EventDate "2021.01.26"]
[SourceTitle "The Week in Chess 1369"]
[Source "Mark Crowther"]
[SourceDate "2021.02.01"]
[SourceVersion "1"]
[SourceVersionDate "2021.02.01"]
[SourceQuality "2"]

1. e4 e5 2. Nf3 d5 3. Nc3 dxe4 4. Nxe4 f5 5. Nc3 e4 6. Ng1 Nf6 7. d3 Be6 8. Bg5
Be7 9. dxe4 Qxd1+ 10. Rxd1 O-O 11. exf5 Bxf5 12. Bc4+ Kh8 13. Rd2 Nc6 14. Nf3
Bb4 15. Bxf6 Rxf6 16. O-O Bxc3 17. bxc3 Rd8 18. Rxd8+ Nxd8 19. Re1 Be6 20. Ng5
Bxc4 21. Re8+ Bg8 22. Rxd8 h6 23. Ne4 Rc6 24. f3 Kh7 25. Rd7 Bxa2 26. h4 Be6
27. Re7 Bf5 28. Ng3 Bxc2 29. Ne2 Bg6 30. g4 h5 31. Kf2 a5 32. Nd4 Rf6 33. Ne6
Rf7 34. Ng5+ Kg8 35. Nxf7 Bxf7 36. Rxc7 b5 37. Ra7 a4 38. Ra5 Bc4 39. Ra7 hxg4
40. fxg4 Kh7 41. g5 Kg6 42. Kg3 Be2 43. Kf4 Bc4 44. h5+ Kxh5 45. Rxg7 a3 46.
Ra7 a2 47. Ra6 1-0

[Event "Rated Blitz game"]
[Site "?"]
[Date "2021.01.26"]
[Round "?"]
[White "VictorArce"]
[Black "Rikoboy"]
[Result "0-1"]
[WhiteElo "2485"]
[BlackElo "2370"]
[PlyCount "104"]
[EventDate "2021.??.??"]
[EventType "blitz"]

1. e4 e5 2. Nf3 d5 3. exd5 e4 4. Qe2 Nf6 5. d3 Qxd5 6. Nc3 Bb4 7. Nd2 Bxc3 8.
bxc3 O-O 9. dxe4 Qc6 10. Bb2 Re8 11. f3 Nbd7 12. g4 Ne5 13. Bg2 Nexg4 14. fxg4
Bxg4 15. Qe3 Nd5 16. Qg3 Qb6 17. Nc4 Qb5 18. Qxg4 Qxc4 19. O-O-O Nxc3 20. Bxc3
Qxc3 21. Rd3 Qa1+ 22. Kd2 Qxa2 23. Qg5 h6 24. Qd5 Qb2 25. Rf1 Re7 26. Bh3 Qb4+
27. Kc1 c6 28. Qd4 Qa5 29. Rg1 g5 30. Qf6 Rae8 31. Bf5 Re5 32. Qxh6 Rxf5 33.
Rdg3 Qa1+ 34. Kd2 Rd8+ 35. Ke2 Qa6+ 36. Rd3 Rxd3 37. Rxg5+ Rxg5 38. Qxg5+ Kf8
39. cxd3 Qa2+ 40. Ke3 Qe6 41. Qc5+ Kg7 42. Qxa7 b5 43. Qc5 Qh3+ 44. Kd4 Qd7+
45. Kc3 f6 46. h4 Qe6 47. h5 Qe5+ 48. Qxe5 fxe5 49. Kb4 Kh6 50. Kc5 Kxh5 51. d4
exd4 52. Kxd4 Kg6 {Normal} 0-1

[Event "Rated Blitz game"]
[Site "?"]
[Date "2021.01.26"]
[Round "?"]
[White "petrut1970"]
[Black "ozZALJoNZzo"]
[Result "0-1"]
[WhiteElo "2309"]
[BlackElo "2492"]
[PlyCount "36"]
[EventDate "2021.??.??"]
[EventType "blitz"]

1. e4 e5 2. Nf3 d5 3. exd5 e4 4. Qe2 Nf6 5. Nc3 Be7 6. Nd4 O-O 7. h3 Re8 8. g3
Bc5 9. Nb3 Bb6 10. Bg2 Bf5 11. O-O a5 12. a4 Nxd5 13. Nxd5 Qxd5 14. d3 Nc6 15.
dxe4 Bxe4 16. Re1 f5 17. Bf1 Bxc2 18. Qc4 Bxb3 {Normal} 0-1

[Event "Rated Blitz game"]
[Site "?"]
[Date "2021.01.26"]
[Round "?"]
[White "johnonabote"]
[Black "tactinhos2900"]
[Result "0-1"]
[WhiteElo "2264"]
[BlackElo "2548"]
[PlyCount "72"]
[EventDate "2021.??.??"]
[EventType "blitz"]

1. e4 e5 2. Nf3 d5 3. d4 dxe4 4. Nxe5 Bd6 5. Nc4 Nc6 6. Nxd6+ cxd6 7. Be3 d5 8.
c4 Nge7 9. Nc3 O-O 10. cxd5 Nxd5 11. Bc4 Nb6 12. Be2 f5 13. g3 Ne7 14. Qb3+ Kh8
15. O-O-O Ned5 16. Kb1 Be6 17. Qa3 Nxc3+ 18. Qxc3 Rc8 19. Qa3 Bc4 20. Rhe1 Qd5
21. Rc1 h6 22. h4 Bxe2 23. Rxe2 Nc4 24. Qb3 b5 25. Rec2 a5 26. Ka1 a4 27. Qb4
Rf6 28. g4 fxg4 29. Rh1 Rf3 30. Rg1 h5 31. Qe7 Rf7 32. Qg5 Qxg5 33. hxg5 g6 34.
Rgc1 Ra8 35. Kb1 Rd7 36. b3 Na3+ {Normal} 0-1

[Event "Rated Blitz game"]
[Site "?"]
[Date "2021.01.26"]
[Round "?"]
[White "Klemos"]
[Black "Jomajo"]
[Result "0-1"]
[WhiteElo "2410"]
[BlackElo "2560"]
[PlyCount "108"]
[EventDate "2021.??.??"]
[EventType "blitz"]

1. e4 e5 2. Nf3 d5 3. exd5 e4 4. Qe2 Qe7 5. Nd4 Nf6 6. Nc3 Qe5 7. Nf3 Qe7 8.
Nd4 Qe5 9. Nf3 Qe7 10. Ng5 Bf5 11. d3 exd3 12. Qxe7+ Bxe7 13. Bxd3 Bxd3 14.
cxd3 h6 15. Nge4 Nbd7 16. Be3 Nb6 17. Bxb6 axb6 18. Kd2 O-O-O 19. Nxf6 Bxf6 20.
Rhe1 Bxc3+ 21. bxc3 Rxd5 22. Re7 Rd7 23. Rae1 Rhd8 24. R1e3 c5 25. Rxd7 Rxd7
26. Re8+ Kc7 27. Rg8 g6 28. Rg7 h5 29. a4 Kd6 30. f4 Ke6 31. Rg8 Kf5 32. g3 Kg4
33. Re8 h4 34. Re3 hxg3 35. hxg3 Kh3 36. Kc2 Kg2 37. g4 Kf2 38. Kd2 Rc7 39. f5
g5 40. f6 Rc6 41. Re5 Rxf6 42. Rxg5 Kf3 43. a5 bxa5 44. Rxc5 b6 45. g5 bxc5 46.
gxf6 Kf4 47. Kc2 Ke5 48. Kb3 Kxf6 49. Kc4 a4 50. d4 cxd4 51. cxd4 Ke6 52. Kb4
Kd5 53. Kxa4 Kxd4 54. Kb3 Kd3 {Normal} 0-1

[Event "Rated Blitz game"]
[Site "?"]
[Date "2021.01.26"]
[Round "?"]
[White "NormWeinstein"]
[Black "Schachelite"]
[Result "1/2-1/2"]
[WhiteElo "2464"]
[BlackElo "2407"]
[PlyCount "87"]
[EventDate "2021.??.??"]
[EventType "blitz"]

1. e4 e5 2. Nf3 d5 3. d4 dxe4 4. Nxe5 Bd6 5. Bf4 Nf6 6. Be2 O-O 7. O-O Nc6 8.
Nc3 Qe7 9. Nxc6 bxc6 10. Bg5 Re8 11. Qd2 h6 12. Bh4 Rb8 13. b3 Bb4 14. a3 Bxc3
15. Qxc3 Nd5 16. Qxc6 Bb7 17. Bxe7 Bxc6 18. Bc5 a5 19. a4 Nc3 20. Bc4 Bd5 21.
Bxd5 Nxd5 22. Rfe1 e3 23. fxe3 Nxe3 24. Re2 Re6 25. Rae1 Nxc2 26. Rxe6 fxe6 27.
Rxe6 Rxb3 28. Ra6 Rd3 29. Rxa5 Nxd4 30. Bxd4 Rxd4 31. h3 Rd2 32. Kh2 Ra2 33.
Ra8+ Kh7 34. a5 c5 35. a6 c4 36. a7 c3 37. Rc8 Rxa7 38. Rxc3 Rf7 39. Rg3 Ra7
40. Rf3 Rb7 41. Rg3 Ra7 42. Rf3 Rb7 43. Rg3 Ra7 44. Rf3 {Normal} 1/2-1/2

[Event "Rated Blitz game"]
[Site "?"]
[Date "2021.01.26"]
[Round "?"]
[White "Chessibague"]
[Black "Jomajo"]
[Result "0-1"]
[WhiteElo "2529"]
[BlackElo "2565"]
[PlyCount "40"]
[EventDate "2021.??.??"]
[EventType "blitz"]

1. e4 e5 2. Nf3 d5 3. d4 dxe4 4. Nxe5 Bd6 5. Nc4 Nf6 6. Be2 Nc6 7. Bg5 Nxd4 8.
Nc3 Bb4 9. O-O Bxc3 10. bxc3 Ne6 11. Bh4 Qxd1 12. Rfxd1 Bd7 13. Ne5 Ba4 14.
Bxf6 gxf6 15. Ng4 Ke7 16. Ne3 Rhd8 17. Nd5+ Kf8 18. Nxf6 Bxc2 19. Rxd8+ Rxd8
20. Nxh7+ Kg7 {Normal} 0-1

[Event "Rated Blitz game"]
[Site "?"]
[Date "2021.01.26"]
[Round "?"]
[White "hima_saber80"]
[Black "ozZALJoNZzo"]
[Result "0-1"]
[WhiteElo "2442"]
[BlackElo "2463"]
[PlyCount "42"]
[EventDate "2021.??.??"]
[EventType "blitz"]

1. e4 e5 2. Nf3 d5 3. exd5 e4 4. Qe2 Nf6 5. d3 Qxd5 6. Nc3 Bb4 7. Bd2 Bxc3 8.
Bxc3 O-O 9. dxe4 Nxe4 10. Rd1 Qf5 11. Nd4 Qg6 12. Qf3 c5 13. Bd3 cxd4 14. Bxe4
Re8 15. Rxd4 Nc6 16. Qe3 f5 17. Bd5+ Kh8 18. Bxc6 Qxc6 19. Rd8 Rxd8 20. O-O Be6
21. Qh6 Qxc3 {Normal} 0-1

[Event "Rated Blitz tournament y3mYRgMO"]
[Site "?"]
[Date "2021.01.26"]
[Round "?"]
[White "niknikniknik"]
[Black "khalid_ontawar"]
[Result "0-1"]
[WhiteElo "2406"]
[BlackElo "2218"]
[PlyCount "120"]
[EventDate "2021.??.??"]
[EventType "blitz"]

1. e4 e5 2. Nf3 d5 3. Nxe5 Qe7 4. d4 f6 5. Nd3 dxe4 6. Nf4 Nc6 7. Bc4 Bf5 8.
O-O O-O-O 9. c3 g5 10. Nd5 Qe8 11. Re1 Bd6 12. b4 Nce7 13. Ne3 Bg6 14. a4 f5
15. a5 f4 16. Ng4 h5 17. b5 hxg4 18. b6 a6 19. Qb3 c6 20. Nd2 f3 21. g3 Bf5 22.
Bf7 Qf8 23. Nc4 Qh6 24. h4 gxh4 25. Bxh6 Rxh6 26. Bxg8 hxg3 27. Nxd6+ Rdxd6 28.
fxg3 Rh8 29. Bc4 Rdh6 30. Kf2 Rh2+ 31. Ke3 Bd7 32. Be6 R8h6 33. Bxd7+ Kxd7 34.
Qf7 Re6 35. Kf4 Rhh6 36. Rxe4 Rhf6+ 37. Qxf6 Rxf6+ 38. Kxg4 Nd5 39. Rf1 f2 40.
Kh3 Nxc3 41. Rf4 Rh6+ 42. Kg2 Nd5 43. R4xf2 Ne3+ 44. Kf3 Nxf1 45. Rxf1 Rd6 46.
Ke4 Re6+ 47. Kd3 Kd6 48. Rh1 Rg6 49. Rh3 c5 50. Kc4 cxd4 51. Kxd4 Rg4+ 52. Ke3
Ra4 53. Kf3 Rxa5 54. g4 Rb5 55. Kg2 Rb2+ 56. Kh1 Rb1+ 57. Kg2 Ke5 58. Rh5+ Kf4
59. Rh7 Rxb6 60. Rxb7 Rxb7 {Time forfeit} 0-1

[Event "Rated Blitz game"]
[Site "?"]
[Date "2021.01.26"]
[Round "?"]
[White "Anjalia_WGM"]
[Black "Tayota"]
[Result "1-0"]
[WhiteElo "2426"]
[BlackElo "2290"]
[PlyCount "55"]
[EventDate "2021.??.??"]
[EventType "blitz"]

1. e4 e5 2. Nf3 d5 3. exd5 e4 4. Qe2 f5 5. d3 Nf6 6. Bg5 Be7 7. Bxf6 Bxf6 8.
Nc3 O-O 9. dxe4 fxe4 10. Nxe4 Bxb2 11. Rb1 Ba3 12. Qd3 Bd6 13. Be2 Bf5 14. Qc4
Bxe4 15. Qxe4 Nd7 16. O-O Nc5 17. Qg4 b6 18. c4 h6 19. Rfe1 Qf6 20. Bf1 a5 21.
Re3 Rae8 22. Rbe1 Rxe3 23. Rxe3 Qa1 24. Nh4 Qxa2 25. Nf5 Qa1 26. Nxh6+ Kh7 27.
Nf5 g6 28. Rh3+ {Normal} 1-0

[Event "Rated Blitz game"]
[Site "?"]
[Date "2021.01.26"]
[Round "?"]
[White "sandokaan"]
[Black "Jomajo"]
[Result "1-0"]
[WhiteElo "2381"]
[BlackElo "2571"]
[PlyCount "129"]
[EventDate "2021.??.??"]
[EventType "blitz"]

1. e4 e5 2. Nf3 d5 3. exd5 e4 4. Nd4 Qxd5 5. Nb3 Bd6 6. Nc3 Qe5 7. g3 Nf6 8. h3
h5 9. Bg2 h4 10. g4 O-O 11. Qe2 Nc6 12. Nxe4 Nd5 13. d3 a5 14. Nxd6 Qxd6 15.
O-O a4 16. Nd2 Nf4 17. Qf3 Nxg2 18. Qxg2 Nd4 19. Ne4 Qa6 20. f4 f5 21. Ng5 Qc6
22. c3 Qxg2+ 23. Kxg2 Ne2 24. Kf3 Ng3 25. Re1 Bd7 26. Be3 Bc6+ 27. Kf2 Rae8 28.
Bc5 Rxe1 29. Rxe1 Rd8 30. Re3 fxg4 31. hxg4 b6 32. Bd4 Rd7 33. Be5 Nh1+ 34. Kg1
Ng3 35. d4 Bd5 36. a3 c5 37. f5 cxd4 38. Bxd4 Bc6 39. Ne6 Kf7 40. Re5 g6 41.
Nf4 gxf5 42. gxf5 Be4 43. Ng6 Bxf5 44. Nxh4 Be6 45. Nf3 Nf5 46. Ng5+ Kf6 47.
Nxe6 Nxd4 48. cxd4 Rc7 49. Nxc7 Kf7 50. Nd5 b5 51. Nb6 b4 52. Nxa4 bxa3 53.
bxa3 Kf6 54. Kf2 Kf7 55. Kf3 Kf6 56. Ke4 Kf7 57. d5 Kf6 58. d6 Kf7 59. d7 Kg6
60. d8=Q Kh6 61. Qe7 Kg6 62. Re6+ Kh5 63. Rf6 Kg4 64. Qg7+ Kh4 65. Rh6# {Normal
} 1-0

[Event "Rated Blitz game"]
[Site "?"]
[Date "2021.01.26"]
[Round "?"]
[White "VasKarov05"]
[Black "ozZALJoNZzo"]
[Result "1-0"]
[WhiteElo "2278"]
[BlackElo "2415"]
[PlyCount "47"]
[EventDate "2021.??.??"]
[EventType "blitz"]

1. e4 e5 2. Nf3 d5 3. Nxe5 dxe4 4. d4 Bd6 5. Nc4 Nc6 6. Nc3 Nf6 7. Bg5 Bf5 8.
Nd5 Be7 9. Nxe7 Qxe7 10. Be2 O-O-O 11. c3 h6 12. Bh4 g5 13. Bg3 Nd5 14. O-O Bg6
15. f4 b5 16. Ne5 Nxe5 17. fxe5 Ne3 18. Qb3 Nxf1 19. Bxb5 Nd2 20. Qa4 c6 21.
Ba6+ Kb8 22. e6+ Rd6 23. Qb4+ Kc7 24. Qb7+ {Normal} 1-0

[Event "Rated Blitz game"]
[Site "?"]
[Date "2021.01.26"]
[Round "?"]
[White "Chessibague"]
[Black "Jomajo"]
[Result "1-0"]
[WhiteElo "2511"]
[BlackElo "2583"]
[PlyCount "59"]
[EventDate "2021.??.??"]
[EventType "blitz"]

1. e4 e5 2. Nf3 d5 3. d4 dxe4 4. Nxe5 Bd6 5. Nc4 Nf6 6. Nxd6+ Qxd6 7. Nc3 O-O
8. h3 Nc6 9. Be3 Ne7 10. Bc4 Nf5 11. Qd2 c6 12. O-O-O b5 13. Bb3 Nxe3 14. Qxe3
a5 15. a3 a4 16. Ba2 b4 17. axb4 Qxb4 18. Nxe4 Nxe4 19. Qxe4 a3 20. Bb3 axb2+
21. Kxb2 Qa3+ 22. Kc3 Qa5+ 23. Kb2 Bf5 24. Qe5 Qa3+ 25. Kc3 Bxc2 26. Kxc2 Rab8
27. Rd3 Qb4 28. Qc5 Qb7 29. Ra1 Rfe8 30. Ra7 {Normal} 1-0

[Event "Rated Blitz game"]
[Site "?"]
[Date "2021.01.26"]
[Round "?"]
[White "Chessibague"]
[Black "Jomajo"]
[Result "0-1"]
[WhiteElo "2524"]
[BlackElo "2569"]
[PlyCount "85"]
[EventDate "2021.??.??"]
[EventType "blitz"]

1. e4 e5 2. Nf3 d5 3. d4 dxe4 4. Nxe5 Bd6 5. Nc4 Nf6 6. Be2 O-O 7. Nc3 Nc6 8.
Bg5 h6 9. Bh4 Re8 10. Qd2 a6 11. Nd5 Be7 12. Nxe7+ Qxe7 13. O-O-O Bf5 14. Ne3
Bg6 15. a3 Rad8 16. Qc3 Qd6 17. Bg3 Qd7 18. Bc4 Ne7 19. Be5 Nfd5 20. Bxd5 Nxd5
21. Qb3 c6 22. h4 Bh5 23. g4 Nxe3 24. Qxe3 Bxg4 25. Rdg1 h5 26. Qg5 Rxe5 27.
Qxe5 Qxd4 28. Qxd4 Rxd4 29. Re1 f5 30. Rhg1 Kf7 31. Rg3 Kf6 32. Rc3 Rd7 33. b4
g5 34. hxg5+ Kxg5 35. a4 Rd5 36. Rc5 Rxc5 37. bxc5 h4 38. Kd2 Kf4 39. Rh1 h3
40. Rh2 Ke5 41. Kc3 a5 42. Kc4 f4 43. Kc3 {Normal} 0-1

[Event "Rated Blitz tournament AgrFHTmu"]
[Site "?"]
[Date "2021.01.26"]
[Round "?"]
[White "Crimson64"]
[Black "YSA_kbpl"]
[Result "1-0"]
[WhiteElo "2561"]
[BlackElo "2436"]
[PlyCount "67"]
[EventDate "2021.??.??"]
[EventType "blitz"]

1. e4 e5 2. Nf3 d5 3. Nxe5 dxe4 4. d4 Nd7 5. Qh5 Nxe5 6. dxe5 Be6 7. Nc3 Bb4 8.
Bd2 Qd4 9. O-O-O Qxf2 10. Bb5+ c6 11. Nxe4 Qd4 12. Rhe1 cxb5 13. Bc3 Bxc3 14.
Nd6+ Qxd6 15. exd6 Bxe1 16. Qxb5+ Kf8 17. Qxb7 Re8 18. Rxe1 Nf6 19. c4 g6 20.
c5 Kg7 21. c6 Bd5 22. Rxe8 Rxe8 23. d7 Rd8 24. c7 Rxd7 25. Qb8 Rd6 26. c8=Q
Rc6+ 27. Qxc6 Bxc6 28. Qd6 Bxg2 29. Qd4 Bd5 30. Qxa7 g5 31. b4 h5 32. b5 g4 33.
b6 Ne4 34. b7 {Time forfeit} 1-0

[Event "Rated Blitz game"]
[Site "?"]
[Date "2021.01.26"]
[Round "?"]
[White "Nebula64"]
[Black "specialprize4u"]
[Result "1-0"]
[WhiteElo "2487"]
[BlackElo "2352"]
[PlyCount "33"]
[EventDate "2021.??.??"]
[EventType "blitz"]

1. e4 e5 2. Nf3 d5 3. exd5 e4 4. Qe2 Nf6 5. Nc3 Be7 6. Nxe4 O-O 7. Nxf6+ Bxf6
8. d4 Qxd5 9. Be3 Nc6 10. Qb5 Qd8 11. O-O-O a6 12. Qh5 g6 13. Qh6 Nb4 14. Bc4
Bf5 15. Ng5 Bxg5 16. Bxg5 Qd6 17. Bf4 {Normal} 1-0

[Event "Rated Blitz game"]
[Site "?"]
[Date "2021.01.26"]
[Round "?"]
[White "Chessibague"]
[Black "Jomajo"]
[Result "1-0"]
[WhiteElo "2526"]
[BlackElo "2568"]
[PlyCount "73"]
[EventDate "2021.??.??"]
[EventType "blitz"]

1. e4 e5 2. Nf3 d5 3. d4 dxe4 4. Nxe5 Bd6 5. Nc4 Nf6 6. Be2 O-O 7. Nc3 h6 8.
Be3 Nc6 9. Nxd6 Qxd6 10. Qd2 Ne7 11. O-O-O Ned5 12. Nxd5 Nxd5 13. c4 Nxe3 14.
fxe3 a5 15. Kb1 a4 16. Qc2 Bf5 17. g4 Bh7 18. h4 a3 19. b3 c5 20. g5 Rad8 21.
Rhg1 cxd4 22. gxh6 Qxh6 23. exd4 Qf6 24. d5 Rfe8 25. h5 Kh8 26. Rge1 Re5 27.
Qc1 Rf5 28. Qxa3 Rf2 29. Qb2 e3+ 30. Ka1 Qf4 31. Qd4 Qh2 32. Qxe3 f5 33. h6 Rg8
34. d6 f4 35. hxg7+ Rxg7 36. Qe5 Bc2 37. d7 {Normal} 1-0

[Event "Rated Blitz game"]
[Site "?"]
[Date "2021.01.26"]
[Round "?"]
[White "Beastofuyo"]
[Black "Korshun_2022"]
[Result "0-1"]
[WhiteElo "2410"]
[BlackElo "2333"]
[PlyCount "150"]
[EventDate "2021.??.??"]
[EventType "blitz"]

1. e4 e5 2. Nf3 d5 3. exd5 e4 4. Nd4 Qxd5 5. Nb3 Nf6 6. Nc3 Qf5 7. d3 Bb4 8.
Be2 Qg6 9. g3 Bh3 10. Bf1 Bg4 11. Be2 exd3 12. Qxd3 Bf5 13. Qb5+ Nc6 14. Qxb7
Bxc3+ 15. bxc3 O-O 16. Qxc6 Be4 17. Bd3 Bxc6 18. Bxg6 Bxh1 19. Bd3 Bg2 20. Be3
Bf3 21. Nd4 Bh5 22. h3 Nd5 23. Kd2 Rad8 24. c4 Nxe3 25. fxe3 Rfe8 26. Re1 c5
27. Nb3 Re5 28. Na5 Rd6 29. Rb1 Rb6 30. Rb3 f6 31. Nb7 Be8 32. h4 Kf8 33. Na5
h6 34. Rxb6 axb6 35. Nb3 Ke7 36. e4 Bc6 37. Ke3 Bxe4 38. Nd2 Bc6+ 39. Kf2 g5
40. hxg5 fxg5 41. g4 Re6 42. Bf5 Rd6 43. Bd3 Rd4 44. Kg3 Kf6 45. Nf1 Be4 46.
Ne3 Bxd3 47. cxd3 Rxd3 48. Kf2 Rxe3 49. Kxe3 Kg6 50. Kf3 h5 51. Kg3 h4+ 52. Kf3
Kf6 53. a4 Ke5 54. Ke3 h3 55. Kf3 Kd4 56. Kg3 Kxc4 57. a5 bxa5 58. Kxh3 a4 59.
Kg3 a3 60. Kf3 a2 61. Ke4 a1=Q 62. Kf5 Qd4 63. Kxg5 Qxg4+ 64. Kxg4 Kd3 65. Kf3
c4 66. Kf2 c3 67. Ke1 Kc2 68. Ke2 Kb2 69. Kd1 c2+ 70. Kd2 c1=Q+ 71. Kd3 Qc5 72.
Ke4 Qd6 73. Ke3 Qe7+ 74. Kd4 Qe6 75. Kc5 Qd7 {Time forfeit} 0-1

[Event "Rated Rapid game"]
[Site "?"]
[Date "2021.01.26"]
[Round "?"]
[White "RzayevBahruz"]
[Black "bcnv"]
[Result "1-0"]
[WhiteElo "2497"]
[BlackElo "2447"]
[PlyCount "25"]
[EventDate "2021.??.??"]
[EventType "rapid"]

1. e4 e5 2. Nf3 d5 3. Nxe5 Bd6 4. d4 dxe4 5. Nc3 Nf6 6. Bg5 Bf5 7. Bc4 O-O 8.
O-O h6 9. Bh4 Nc6 10. f4 Qe7 11. Nd5 Qd8 12. Nxf6+ gxf6 13. Qh5 {Normal} 1-0

[Event "Rated Blitz game"]
[Site "?"]
[Date "2021.01.26"]
[Round "?"]
[White "sandokaan"]
[Black "Jomajo"]
[Result "0-1"]
[WhiteElo "2357"]
[BlackElo "2592"]
[PlyCount "90"]
[EventDate "2021.??.??"]
[EventType "blitz"]

1. e4 e5 2. Nf3 d5 3. Nxe5 Bd6 4. d4 dxe4 5. Nc3 Bxe5 6. dxe5 Qxd1+ 7. Nxd1 Nc6
8. Nc3 Bf5 9. Bb5 Nge7 10. Bf4 O-O-O 11. h3 Nd4 12. Ba4 Ng6 13. Bh2 h5 14. O-O
a6 15. Rfe1 c5 16. Nxe4 Bxe4 17. Rxe4 b5 18. c3 Ne6 19. Bd1 Rd2 20. b4 cxb4 21.
cxb4 Nd4 22. f4 Ne7 23. a4 Kb7 24. axb5 axb5 25. Kh1 Nec6 26. Bg1 g6 27. Rc1
Rd8 28. Re1 Nxb4 29. Rb1 Nbc6 30. Bb3 Nxb3 31. Rxb3 b4 32. e6 fxe6 33. Rxe6
R8d6 34. Rbe3 Rxe6 35. Rxe6 b3 36. Rxg6 b2 37. Rg7+ Ka6 38. Rc7 Rc2 39. f5 b1=Q
40. f6 Rc1 41. Rxc6+ Rxc6 42. f7 Rf6 43. g4 Rxf7 44. Kg2 Rf1 45. Bf2 Rxf2+ {
Normal} 0-1